Solutions To Problems In A Level Physics / (Record no. 180638)
[ view plain ]
| 000 -LEADER | |
|---|---|
| fixed length control field | 01255 a2200193 4500 |
| 003 - CONTROL NUMBER IDENTIFIER | |
| control field | NUST |
| 005 - DATE AND TIME OF LATEST TRANSACTION | |
| control field | 20221124181612.0 |
| 020 ## - INTERNATIONAL STANDARD BOOK NUMBER | |
| International Standard Book Number | 0195847466 |
| 040 ## - CATALOGING SOURCE | |
| Transcribing agency | Nust |
| 082 ## - DEWEY DECIMAL CLASSIFICATION NUMBER | |
| Classification number | 530,CHR |
| 100 ## - MAIN ENTRY--PERSONAL NAME | |
| Personal name | Christopher ,WU |
| 9 (RLIN) | 103536 |
| 245 ## - TITLE STATEMENT | |
| Title | Solutions To Problems In A Level Physics / |
| Statement of responsibility, etc. | Christopher WU |
| 250 ## - EDITION STATEMENT | |
| Edition statement | 2nd ed. |
| 260 ## - PUBLICATION, DISTRIBUTION, ETC. | |
| Place of publication, distribution, etc. | Singapore |
| Name of publisher, distributor, etc. | Oxford |
| Date of publication, distribution, etc. | 1991 |
| 300 ## - PHYSICAL DESCRIPTION | |
| Extent | 217p.: |
| 505 ## - FORMATTED CONTENTS NOTE | |
| Formatted contents note | Interpreting Scientific and Problem Solving (Page-1), Errors, Significant Figures and Dimensions (Page-4), Linear and Projectile Motion (Page-9), Vector and Statics (Page-15), Newton’s Law (Page-24), Circular and Rotational Motion (Page-35), Concept of Fields (Page-42), Elasticity and Properties of Matter (Page-52), Simple Harmonic Motion and Oscillations (Page- 63), Properties of Waves (Page-73), Interference , Diffraction (Page-85), Thermometry , Ideal Gas Question, Thermal Conduction (Page-96), Kinetic Theory First Law of Thermodynamics (Page-108), Static Electricity (Page-119), Concepts of Current Electricity (Page-129), Electromagnetism (Page-139), Alternating Current and Electronics (Page-149), Photoelectric and Atomic Physics (Page-164), Radioactivity and Nuclear Physics (Page-173) . |
| 650 ## - SUBJECT ADDED ENTRY--TOPICAL TERM | |
| Topical term or geographic name entry element | Physics |
| 942 ## - ADDED ENTRY ELEMENTS (KOHA) | |
| Source of classification or shelving scheme | |
| Koha item type | Book |
| Call number prefix | 530,CHR |
| Withdrawn status | Lost status | Source of classification or shelving scheme | Damaged status | Not for loan | Permanent Location | Current Location | Shelving location | Date acquired | Full call number | Barcode | Date last seen | Price effective from | Koha item type | Public note |
|---|---|---|---|---|---|---|---|---|---|---|---|---|---|---|
| Military College of Signals (MCS) | Military College of Signals (MCS) | General Stacks | 12/12/2016 | 530,CHR | MCS27051 | 12/08/2016 | 12/12/2016 | Book | Almirah No.15, Shelf No.2 | |||||
| Military College of Signals (MCS) | Military College of Signals (MCS) | General Stacks | 12/12/2016 | 530,CHR | MCS27476 | 12/08/2016 | 12/12/2016 | Book | Almirah No.15, Shelf No.2 |
